000 02956cam a2200313 4500500
005 20251228075732.0
041 _afre
042 _adc
100 1 0 _aRenier, Janine
_eauthor
700 1 0 _aSchrod, Hannelore
_eauthor
245 0 0 _aL'enfant-roi et sa famille, l'enfant-tyran et sa famille, leurs environnements
260 _c2008.
500 _a11
520 _aL’enfant-roi comme l’enfant-tyran n’est jamais le fait exclusif d’une situation ou d’un contexte en particulier. Il est le résultat d’un processus où plusieurs éléments interagissent. La notion de l’enfant-roi ne désigne pas seulement une figure d’enfant, mais une forme de relation entre enfants et adultes qui semble modifiée dans nos sociétés contemporaines. Nous essayons de faire la distinction entre enfant-roi et enfant-tyran, nous abordons leur fonctionnement familial respectif ainsi que leur inscription dans notre contexte socioculturel. Les interrogations autour du travail clinique et les modalités thérapeutiques sont discutées.
520 _aThe child-king and his family, the child-tyrant and his family, their environments. A childking as a child-tyrant is never the exclusive fact of a particular situation or context. It is the result of the interaction between several multifactor elements. The notion of Child-king does not only refer to a figure of a child, but to a relationship between children and adults, which seems to be modified in our contemporary societies. We try to distinguish a child-king from a child-tyrant, their respective family functioning and their inscription into our socio-cultural context. The interrogations about clinical work and therapeutic working paths are open for discussion.
520 _aEl niño- rey y su familia, el niño- tirano y su familia, su medio ambiente. El niño-rey como el niño-tirano es nunca el hecho exclusivo de una situación o de un contexto en particular. Es el resultado de un proceso donde varios elementos obran recíprocamente. El concepto del niño- rey no designa sino una figura de niño, sino una forma de relación entre niños y adultos que parece modificada en nuestras sociedades contemporáneas. Intentamos hacer la distinción entre niño-rey y niño-tirano y los funcionamientos familiares respectivos así como su inscripción en nuestro contexto sociocultural. Se discuten la interrogación en torno al trabajo clínico y las modalidades terapeúticas.
690 _aEnfant-roi
690 _aEnfant-tyran
690 _aFonctionnement familial
690 _aIntervention thérapeutique
690 _aMythes
690 _aChild-king
690 _aChild-tyrant
690 _aFamily functioning
690 _aMyths
690 _aTherapeutic intervention
786 0 _nThérapie Familiale | 29 | 1 | 2008-04-04 | p. 103-118 | 0250-4952
856 4 1 _uhttps://shs.cairn.info/revue-therapie-familiale-2008-1-page-103?lang=fr&redirect-ssocas=7080
999 _c1598157
_d1598157